Biblioteca

The Westminster dictionary of New Testament and early Christian literature and rhetoric (Registro nro. 46673)

Detalles MARC
000 -LÍDER
Campo fijo de descripción fija 01044cam a2200301 i 4500
001 - NÚMERO DE CONTROL
Campo de control 20322
003 - IDENTIFICADOR DEL NÚMERO DE CONTROL
Campo de control CO-MdFUSB
005 - FECHA Y HORA DE LA ULTIMA TRANSACCIÓN
control field 20190215095822.0
008 - ELEMENTOS DE LONGITUD FIJA -- INFORMACIÓN GENERAL
Campo fijo de descripción fija -- Información general 161123t2003 kyu||||g |||| 00| 0 eng d
020 ## - NÚMERO INTERNACIONAL NORMALIZADO PARA LIBROS
Número Internacional Normalizado del libro 0-664-21917-9
040 ## - FUENTE DE CATALOGACIÓN
Agencia de catalogación original CO-MdFUSB
Idioma de catalogación spa
Agencia que realiza la transcripción CO-MdFUSB
Agencia que realiza la modificación CO-MdFUSB
Convenciones de la descripción rda
041 ## - CÓDIGO DE IDIOMA
Código de idioma para texto/pista de sonido o título separado eng
082 ## - NÚMERO DE CLASIFICACIÓN DECIMAL DEWEY
Número de la edición del Dewey 24
Número de clasificación 270.1
Clave de autor-Numero de item AU926w
100 1# - ASIENTO PRINCIPAL--NOMBRE PERSONAL
Nombre personal Aune, David E.
Término relacionador autor
245 04 - TÍTULO
Título del Material The Westminster dictionary of New Testament and early Christian literature and rhetoric
Mención de responsabilidad, etc. / David E. Aune
264 #1 - PRODUCCIÓN, PUBLICACIÓN, DISTRIBUCIÓN, MANUFACTURA, Y COPYRIGHT
Lugar de producción, publicación, distribución, manufactura Louisville, Kentucky :
Nombre del productor, publicador, distribuidor Westminster John Knox Press,
Fecha de producción, publicación, distribución, manufactura, o copyright ℗2003
264 #4 - PRODUCCIÓN, PUBLICACIÓN, DISTRIBUCIÓN, MANUFACTURA, Y COPYRIGHT
Fecha de producción, publicación, distribución, manufactura, o copyright ©2003
300 ## - DESCRIPCIÓN FÍSICA
Extensión 595 páginas
Dimensiones ; 23 cm
336 ## - TIPO DE CONTENIDO
Fuente rdacontent
Término de tipo de contenido texto
Código de tipo de contenido txt
337 ## - TIPO DE MEDIO
Fuente rdamedia
Nombre del tipo de medio sin mediación
Código del tipo de medio n
338 ## - TIPO DE SOPORTE
Fuente rdacarrier
Nombre del tipo de soporte volumen
Código Tipo de soporte nc
505 00 - NOTA DE CONTENIDO
Nota de contenido con formato preestablecido Diccionarie del Nuevo Testamento y de la literatura y retórica cristiana de la iglesia primitiva
563 ## - NOTA DE ENCUADERNACIÓN
Nota de encuadernación Pasta dura
630 #7 - TITULO UNIFORME
Título uniforme Biblia.
Nombre de parte o sección de la obra Nuevo Testamento
Subdivisión de materia general Crítica, interpretación, etc.
653 ## - TÉRMINO DE INDIZACIÓN - NO CONTROLADO
Término no controlado Iglesia primitiva
942 ## - TIPO DE MATERIAL (KOHA)
Tipo de Item KOHA Libros de Referencia
Existencias
Estado de Material Estado de Perdido Forma de Clasificación Estado de Dañado No para Préstamo Colección Tomo Biblioteca de Origen Biblioteca Permanente Fecha de Adquisición Total de Préstamos Signatura Topográfica Código de Barras Última vez visto Ejemplar/Existencia Fecha de Remplazo Tipo de Material Total de Renovaciones Última vez Préstado
    Dewey Decimal Classification     Colección de Referencia   Biblioteca FUSBC Biblioteca FUSBC 21/07/2015   R 270.1 AU926w 20572 09/02/2023 Ej. 1 26/01/2016 Libros de Referencia    
    Dewey Decimal Classification     Colección General   Biblioteca FUSBC Biblioteca FUSBC 13/02/2019 1 G 270.1 AU926w 3403 18/05/2024 Ej. 1 13/02/2019 Libros General 3 15/03/2024

Biblioteca FUSBC | Teléfono: (57+4) 349 88 10 Ext. 141| WhatsApp (+57) 3005338115 
E-mail: biblioteca@unisbc.edu.co | Calle 76 87-14 Robledo Palenque, Medellín, Colombia

Con tecnología Koha